Interpretačná súťaž SSR 83

Bibliographic Details
Main Author: Michalová, Eva, 1939- (Author)
Format: Article
Language:Slovak
PhysicalDescription:Obr. 2.
Subjects:

MARC

LEADER 00000nab a2200000 a 4500
001 vtls000173505
003 SK-MaSNL
005 20260304063437.0
008 250422c1984 xo 0 slo
015 |a SNBRB19rr/mm-uuuuu 
035 |a CL0183617 
035 |a urn:nbn:sk:snk-ab2axb 
035 |a (urnnbn)urn:nbn:sk:snk:ar-a021sa 
035 |a (uuid)9ae8b634-aa31-4b61-bbe3-f88a9cb367be 
040 |a SNKBUCL  |b slo  |c SNKBUCL  |e AACR2 
041 0 |a slo 
044 |a xo  |c SK 
080 |a 78.091.4:782/789  |2 1981 
080 |a 782/789  |2 1981 
080 |a 787.1/.4  |2 1981 
100 1 |a Michalová, Eva,  |d 1939-  |4 aut  |9 111068 
245 1 0 |a Interpretačná súťaž SSR 83  |c Eva Michalová 
300 |b Obr. 2. 
650 0 7 |a Interpretačná súťaž SSR 1983, Banská Bystrica  |2 snkbucl  |9 1074251 
655 7 |a články z novín a časopisov  |2 snkbucl  |9 267496 
773 0 |t Hudobný život  |g Roč. 16, č. 3 (1984), s. 1 
850 |a Slovenská národná knižnica 
852 |a Slovenská národná knižnica 
954 |a odborná, vedecká literatúra pôvodná (slovenská)  |2 lita 
957 |a 5301 
958 |a article27 
958 |a OND 
958 |a RK 
958 |a EUIPO 
992 |a RBX 
999 |c 2742613  |d 2744543